000 01170nam a2200349 i 4500
003 CO-BoRNBP
005 20220317001659.0
007 ta
008 210823r20082018ck a br j spa d spa
020 _a9789588445960
040 _aCO-BoRNBP
_bspa
_erda
_cCO-BoRNBP
041 0 _aspa
043 _as-ck---
084 _aA DAC1
084 _aC DAC1
100 1 _aDa Coll, Ivar
_d1962-
_eautor
245 1 0 _aTengo miedo
_cIvar Da Coll
250 _aPrimera edición
_bPrimera reimpresión, Tercera reimpresión
264 1 _aBogotá, Colombia
_bBabel Libros
_c2008
_c2012
_c2018
300 _a44 páginas sin numerar
_bilustraciones a color
_c24 cm
336 _atexto
_btxt
_2rdacontent
337 _asin mediación
_bn
_2rdamedia
338 _avolumen
_bnc
_2rdacarrier
490 0 _aHistorias de Eusebio
521 _aRecomendado para un público infantil mayor de 6 años
650 1 7 _aÁlbumes infantiles colombianos
_ySiglo XX
_2LEMB
650 1 7 _aLiteratura infantil colombiana
_ySiglo XX
_2LEMB
650 1 7 _aAutores colombianos
_ySiglo XX
_2LEMB
650 1 7 _aEmociones
_vÁlbum
_2LEMB
650 1 7 _aAmistad
_vÁlbum
_2LEMB
942 _2loc
_cBKLIT
999 _c7762
_d7762